000 00501nam a2200193 4500
001 20192
005 20230410105613.0
008 060907n1997 dr spa
020 _a9562010790
035 _9funglode20344
041 _aES
050 1 4 _aHD 30.3 F634i 1997
100 _aFlores, Fernando
245 1 _aInventando la empresa del siglo XXI /
_cFernando Flores
250 _a10
260 _aSantiago, Chile :
_bDolmen Ediciones,
_c1997
300 _a115 p.
942 _2lcc
_cbk
999 _c40110
_d40110